| 000 | 00341nam a22001337a 4500 | ||
|---|---|---|---|
| 008 | 230524b |||||||| |||| 00| 0 eng d | ||
| 020 | _a9384852917 | ||
| 100 | _aS. N. Dhyani | ||
| 245 | _aFundamentals of Jurisprudence the Indian Approach | ||
| 260 |
_aAllahabad _bCLA Pub. _c2021 |
||
| 300 | _a454 | ||
| 546 | _aEnglish | ||
| 942 |
_2ddc _cBK |
||
| 999 |
_c20061 _d20061 |
||